Statistieken voor Zwart-Witte Dieren

Klik hier om de quiz te nemen!

Algemene statistieken

  • Deze quiz is 64 keer genomen
  • De gemiddelde score is 6 van 16

Antwoordstatistieken

Antwoord% Correct
Zebra
87%
Orka
83%
Stinkdier
68%
Ringstaartmaki
64%
Dalmatiër
60%
Das
53%
Maleise/Indische Tapir
43%
Reuzenpanda
42%
Kuifeend
21%
Fries-Hollandse Koe
17%
Gewone Koningsslang
15%
Adeliepinguïn
13%
Witte Bengaalse Tijger
13%
Walliser Zwartneus
11%
Zwartvoetpinguïn
11%
Kale Horzel
9%

Scoreverdeling

Percentiel versus Aantal Correcte Antwoorden

Procent van Mensen met Elke Score

Uw Scoregeschiedenis

U heeft deze quiz nog niet genomen